Sobre los orígenes sociales de la reconquista / (Record no. 29116)

MARC details
000 -LEADER
campo de control de longitud fija 00659nam a2200217 i 4500
001 - NÚMERO DE CONTROL
campo de control 29116
003 - IDENTIFICADOR DE NÚMERO DE CONTROL
campo de control ES-MaACL
005 - FECHA Y HORA DE LA ÚLTIMA TRANSACCIÓN
campo de control 20230906153957.0
007 - CAMPO FIJO DE DESCRIPCIÓN FÍSICA--INFORMACIÓN GENERAL
campo de control de longitud fija t|
008 - DATOS DE LONGITUD FIJA--INFORMACIÓN GENERAL
campo de control de longitud fija 030121s1974 sp ||||1| spa d
100 1# - ENTRADA PRINCIPAL--NOMBRE DE PERSONA
Nombre de persona Barbero, Abilio.
9 (RLIN) 25432
245 10 - MENCIÓN DEL TÍTULO
Título Sobre los orígenes sociales de la reconquista /
Mención de responsabilidad, etc. Abilio Barbero y Marcelo Vigil.
260 ## - PUBLICACIÓN, DISTRIBUCIÓN, ETC.
Lugar de publicación, distribución, etc. Barcelona :
Nombre del editor, distribuidor, etc. Ariel,
Fecha de publicación, distribución, etc. [1974]
300 ## - DESCRIPCIÓN FÍSICA
Extensión 197 p. :
Otras características físicas 3 map. ;
Dimensiones 18 cm.
490 1# - MENCIÓN DE SERIE
Mención de serie Ariel quincenal ;
Designación de volumen o secuencia 91
700 1# - ENTRADA AGREGADA--NOMBRE PERSONAL
Nombre de persona Vigil, Marcelo.
9 (RLIN) 114630
830 0# - PUNTO DE ACCESO ADICIONAL DE SERIE-TÍTULO UNIFORME
Título uniforme Ariel quincenal ;
Designación de volumen o secuencia 91
9 (RLIN) 180806
852 ## - LOCALIZACIÓN
Ubicación ES-MaACL
Número de control de estantería E-5479
Sublocalización o colección R.89641
852 ## - LOCALIZACIÓN
Ubicación ES-MaACL
Número de control de estantería A-9675
Sublocalización o colección R.98971
Holdings
Estatus retirado Estado de pérdida Estado de daño No para préstamo Biblioteca de origen Biblioteca actual Ubicación en estantería Fecha de adquisición Fuente de adquisición Total de préstamos Signatura topográfica completa Código de barras Visto por última vez Precio de reemplazo Tipo de ítem Koha
        Biblioteca del Ateneo de Madrid Biblioteca del Ateneo de Madrid Depósito 1 17/01/2008     A-9675 1030058 23/02/2023 23/02/2023 Libro impreso
        Biblioteca del Ateneo de Madrid Biblioteca del Ateneo de Madrid Depósito 2 17/01/2008     E-5479 1030057 23/02/2023 23/02/2023 Libro impreso